Top 50 biggest cities in Germany - Statistics

General Stats
  • This quiz has been taken 328 times
    296 since last reset
  • The average score is 35 of 50
Answer Stats
Population City % Correct
3,275,000 Berlin
100%
1,686,100 Hamburg
100%
1,185,000 München
100%
965,300 Köln
99%
473,300 Dresden
96%
648,000 Frankfurt
96%
568,900 Düsseldorf
95%
587,600 Dortmund
94%
581,100 Stuttgart
94%
516,300 Hannover
93%
588,800 Essen
92%
486,100 Leipzig
92%
527,900 Bremen
90%
486,700 Nürnberg
88%
307,500 Bonn
85%
229,900 Kiel
84%
241,300 Aachen
77%
320,900 Bielefeld
76%
513,400 Duisburg
74%
306,100 Mannheim
74%
192,100 Rostock
74%
253,800 Augsburg
73%
206,300 Freiburg
73%
186,700 Mainz
73%
279,600 Karlsruhe
72%
224,100 Magdeburg
72%
388,100 Bochum
71%
265,900 Münster
71%
180,000 Saarbrücken
69%
365,400 Wuppertal
67%
161,700 Leverkusen
62%
213,400 Lübeck
62%
276,200 Gelsenkirchen
61%
195,000 Erfurt
60%
237,400 Halle
56%
269,200 Wiesbaden
56%
264,400 Mönchengladbach
55%
243,700 Braunschweig
54%
255,600 Chemnitz
54%
185,700 Darmstadt
54%
193,500 Kassel
53%
164,000 Osnabrück
53%
221,700 Oberhausen
39%
238,000 Krefeld
38%
180,300 Hamm
37%
164,500 Solingen
35%
201,700 Hagen
32%
162,000 Ludwigshafen
31%
174,200 Herne
27%
173,000 Mülheim
25%
No matching quizzes found
Score Distribution
Percent of People with Each Score
Percentile by Number Answered
Your Score History
You have not taken this quiz since the last reset